| 000 | 00976nam a2200265 a 4500 | ||
|---|---|---|---|
| 001 | 59682 | ||
| 003 | BD-RjUL | ||
| 005 | 20211209080746.0 | ||
| 008 | 161231s2004 dcua b i000 0 eng | ||
| 020 | _a0821359789 (pbk.) | ||
| 035 | _a(BD-RjUL) | ||
| 040 |
_aDLC _cDLC _dDLC _dBD-RjUL _beng |
||
| 041 | _aeng | ||
| 082 | 0 | 0 |
_a330.949742 _223 _bBOS 2004 |
| 245 | 0 | 0 |
_aBosnia and Herzegovina : _bpost-conflict reconstruction and the transition to a market economy : an OED evaluation of World Bank support / |
| 250 | _a1st ed. | ||
| 260 |
_aWashington, DC : _bWorld Bank, _c2004. |
||
| 300 |
_axx, 84 p. : _bill. ; _c28 cm. |
||
| 504 | _aIncludes bibliographical references (p. 83-84) | ||
| 650 | 0 |
_aYugoslav War, 1991-1995 _xEconomic aspects _zBosnia and Herzegovina. _9177613 |
|
| 650 | 0 |
_aEconomic assistance _zBosnia and Herzegovina. _9177614 |
|
| 651 | 0 |
_aBosnia and Herzegovina _xEconomic conditions. _9177615 |
|
| 700 | 1 |
_aO'Brien, F. Stephen. _9179877 |
|
| 942 |
_2ddc _cBK |
||
| 999 |
_c59682 _d59682 |
||